000 01329nam a22002897a 4500
003 OSt
005 20230315104034.0
007 cr ||||||a|c|a
008 230222s2020 mx a|||fom||| 001 0 spa d
040 _erda
100 1 _9134488
_aEspinosa Roldán, Francisco Emmanuel
245 1 _aCaracterización ampelográfica y evaluación agronómica y enológica de variedades minoritarias de vid (Vitis vinifera L.). adaptación al cambio climático /
_cpor Francisco Emmanuel Espinosa Roldán; director de tesis Juan Martínez Solís.
264 1 _aChapingo, México :
_bEl autor,
_c2020.
300 _a1 recurso en línea (175 páginas).
_bcuadros, figuras.
336 _2rdacontent
_atexto
_btxt
337 _2rdamedia
_acomputadora
_bc
338 _2rdacarrier
_arecurso en línea
_bcr
502 _bMCH
_cFitotecnia
_d2020.
_gMAE
504 _aIncluye referencias bibliográficas: páginas 10-16,42-47,80-82.
650 2 _9119114
_aVid
_xFisiología y morfología
650 2 _9119141
_aVid
_xVariedades
650 2 _9119125
_aVid
_xMejoramiento
650 2 _9186217
_aVides
_xAclimatación
_xEspaña
700 1 _972539
_aMartínez Solís, Juan
_eDirector de tesis.
856 _uhttp://10.13.5.2/tesis/tm/2020_FI_Espinosa_Roldan_FranciscoEmmanuel.pdf
_zDESCARGAR PDF
942 _2Clasificación Universidad Autónoma Chapingo
_cTD
999 _c218431
_d218431